| 000 | 00603nam a2200229 a 4500 | ||
|---|---|---|---|
| 008 | |||
| 020 | _a0582422159 (pbk.) | ||
| 049 | _aMAIN | ||
| 090 | _aTH145 MAC | ||
| 100 | _aMcKay, W.B. | ||
| 245 | 0 | _aBuilding construction vol.1 | |
| 250 | _a5th ed. | ||
| 260 |
_aEssex : _bLongman Scientific & Technical, _c1970 |
||
| 300 |
_aviii, 170 p. : _bill. ; _c? cm. |
||
| 500 | _aIncludes index. | ||
| 650 | _aConstruction | ||
| 907 |
_a.b10098756 _b16-01-07 _c29-11-03 |
||
| 003 | |||
| 005 | 20230123133523.0 | ||
| 040 | _cNUST | ||
| 942 |
_cBOOKS _kTH145 MAC |
||
| 999 |
_c150023 _d150023 |
||